Biblioteca

Los miserables (Registro nro. 42254)

Detalles MARC
000 -LÍDER
Campo fijo de descripción fija 01501aam a2200325 i 4500
001 - NÚMERO DE CONTROL
Campo de control 768714001
003 - IDENTIFICADOR DEL NÚMERO DE CONTROL
Campo de control CO-MdFUSB
005 - FECHA Y HORA DE LA ULTIMA TRANSACCIÓN
control field 20240716083456.0
007 - CAMPO FIJO DE DESCRIPCIÓN FIJA--INFORMACIÓN GENERAL
Campo fijo de descripción fija ta
008 - ELEMENTOS DE LONGITUD FIJA -- INFORMACIÓN GENERAL
Campo fijo de descripción fija -- Información general 230419t1862 ck |||| |||| 00| 0 spa d
020 ## - NÚMERO INTERNACIONAL NORMALIZADO PARA LIBROS
Número Internacional Normalizado del libro 9789587231717
040 ## - FUENTE DE CATALOGACIÓN
Idioma de catalogación spa.
Agencia de catalogación original CO-MdFUSB
Agencia que realiza la transcripción CO-MdFUSB
Agencia que realiza la modificación CO-MdFUSBC
Convenciones de la descripción rda
041 ## - CÓDIGO DE IDIOMA
Código de idioma para texto/pista de sonido o título separado spa
082 04 - NÚMERO DE CLASIFICACIÓN DECIMAL DEWEY
Número de clasificación 843.7
Número de la edición del Dewey 23
Clave de autor-Numero de item H895m
100 1# - ASIENTO PRINCIPAL--NOMBRE PERSONAL
Nombre personal Hugo, Víctor (1802-1885)
Término relacionador autor
240 ## - TITULO UNIFORME
Título uniforme <a href="Les miserables">Les miserables</a>
245 #4 - TÍTULO
Título del Material Los miserables
Mención de responsabilidad, etc. / Víctor Hugo ; traducido por Aurora Alemany
264 #1 - PRODUCCIÓN, PUBLICACIÓN, DISTRIBUCIÓN, MANUFACTURA, Y COPYRIGHT
Lugar de producción, publicación, distribución, manufactura Colombia :
Nombre del productor, publicador, distribuidor Skla,
Fecha de producción, publicación, distribución, manufactura, o copyright [1862]
264 #4 - PRODUCCIÓN, PUBLICACIÓN, DISTRIBUCIÓN, MANUFACTURA, Y COPYRIGHT
Fecha de producción, publicación, distribución, manufactura, o copyright © 1862
300 ## - DESCRIPCIÓN FÍSICA
Extensión 1120 páginas
Dimensiones ; 21 cm
336 ## - TIPO DE CONTENIDO
Fuente rdacontent
Término de tipo de contenido texto
Código de tipo de contenido txt
337 ## - TIPO DE MEDIO
Fuente rdamedia
Nombre del tipo de medio sin mediación
Código del tipo de medio n
338 ## - TIPO DE SOPORTE
Fuente rdacarrier
Nombre del tipo de soporte volumen
Código Tipo de soporte nc
520 ## - NOTA DE RESUMEN, ETC.
Nota de sumario, etc. Los miserables es una novela histórica de Víctor Hugo, publicada en 1862. La historia se enmarca en el período de la restauración de la monarquía francesa, que tuvo lugar en la primera mitad del siglo XIX. Su tema gira en torno al bien, el mal, la ética, la justicia y la fe.<br/>La novela examina los valores vigentes en la sociedad francesa de mediados del siglo XIX y reflexiona sobre la naturaleza humana frente a la adversidad. Para ello, cuenta la historia de un expresidiario que desea reformarse. Los miserables se estructura en cinco volúmenes, cada uno dividido en diversos libros.
563 ## - NOTA DE ENCUADERNACIÓN
Nota de encuadernación Rústico
650 #7 - ASIENTO SECUNDARIO DE MATERIA - TERMINO TEMÁTICO
9 (RLIN) 2654
Término temático o nombre geográfico como elemento de entrada Literatura francesa
700 ## - ASIENTO SECUNDARIO - NOMBRE PERSONAL
9 (RLIN) 8138
Nombre personal Alemany, Aurora,
Responsabilidad traductor
942 ## - TIPO DE MATERIAL (KOHA)
Tipo de Item KOHA Libros General
945 ## - INFORMACIÓN LOCAL DEL REGISTRO
Catalogador JTF-925
Existencias
Estado de Material Estado de Perdido Forma de Clasificación Estado de Dañado No para Préstamo Colección Biblioteca de Origen Biblioteca Permanente Fecha de Adquisición Área Total de Préstamos Signatura Topográfica Código de Barras Última vez visto Ejemplar/Existencia Tipo de Material
    Dewey Decimal Classification     Colección General Biblioteca FUSBC Biblioteca FUSBC 19/04/2023 LITERATURA   G 843.7 H895mi 24091 12/12/2019 Ej. 1 Libros General

Biblioteca FUSBC | Teléfono: (57+4) 349 88 10 Ext. 141| WhatsApp (+57) 3005338115 
E-mail: biblioteca@unisbc.edu.co | Calle 76 87-14 Robledo Palenque, Medellín, Colombia

Con tecnología Koha